Masaje, manipulación y tracción / (Record no. 92305)

MARC details
000 -LEADER
campo de control de longitud fija 00880nam a2200241 i 4500
001 - NÚMERO DE CONTROL
campo de control 92305
003 - IDENTIFICADOR DE NÚMERO DE CONTROL
campo de control ES-MaACL
005 - FECHA Y HORA DE LA ÚLTIMA TRANSACCIÓN
campo de control 20230906180936.0
007 - CAMPO FIJO DE DESCRIPCIÓN FÍSICA--INFORMACIÓN GENERAL
campo de control de longitud fija t|
008 - DATOS DE LONGITUD FIJA--INFORMACIÓN GENERAL
campo de control de longitud fija 050224s1973 sp af |||| | spa d
080 ## - NÚMERO DE LA CLASIFICACIÓN DECIMAL UNIVERSAL
Número de la Clasificación Decimal Universal 615.82
100 1# - ENTRADA PRINCIPAL--NOMBRE DE PERSONA
Nombre de persona Licht, Sidney.
9 (RLIN) 72182
245 10 - MENCIÓN DEL TÍTULO
Título Masaje, manipulación y tracción /
Mención de responsabilidad, etc. Sidney Licht ; versión... de los doctores J. A. Domínguez Delgado, Mª del Carmen Bernia y Pardo de Santayán ; revisión del doctor Pedro López-Onega.
250 ## - MENCION DE EDICION
Mención de edición 1ª ed.
260 ## - PUBLICACIÓN, DISTRIBUCIÓN, ETC.
Lugar de publicación, distribución, etc. Barcelona :
Nombre del editor, distribuidor, etc. Toray,
Fecha de publicación, distribución, etc. 1973.
300 ## - DESCRIPCIÓN FÍSICA
Extensión XIV, 295 p., II lám. col. :
Otras características físicas il., grab. ;
Dimensiones 23 cm.
650 #4 - PUNTO DE ACCESO ADICIONAL DE MATERIA--TÉRMINO DE MATERIA
Término de materia o nombre geográfico como elemento de entrada Masaje terapéutico.
9 (RLIN) 146814
650 #4 - PUNTO DE ACCESO ADICIONAL DE MATERIA--TÉRMINO DE MATERIA
Término de materia o nombre geográfico como elemento de entrada Fisioterapia.
9 (RLIN) 140466
700 1# - ENTRADA AGREGADA--NOMBRE PERSONAL
Nombre de persona Domínguez Delgado, J. A.
9 (RLIN) 45206
700 1# - ENTRADA AGREGADA--NOMBRE PERSONAL
Nombre de persona Bernia y Pardo de Santayán, María del Carmen.
9 (RLIN) 28340
700 1# - ENTRADA AGREGADA--NOMBRE PERSONAL
Nombre de persona López Onega, Pedro.
9 (RLIN) 73841
852 ## - LOCALIZACIÓN
Ubicación ES-MaACL
Número de control de estantería C-53841
Holdings
Estatus retirado Estado de pérdida Estado de daño No para préstamo Biblioteca de origen Biblioteca actual Ubicación en estantería Fecha de adquisición Fuente de adquisición Total de préstamos Signatura topográfica completa Código de barras Visto por última vez Precio de reemplazo Tipo de ítem Koha
        Biblioteca del Ateneo de Madrid Biblioteca del Ateneo de Madrid Depósito 2 17/01/2008     C-53841 1096368 23/02/2023 23/02/2023 Libro impreso